书目信息 |
| 题名: |
EDA技术与实践
|
|
| 作者: | 赵明富 主编 | |
| 分册: | ||
| 出版信息: | 北京 清华大学出版社 2005.09 |
|
| 页数: | 14, 429页 | |
| 开本: | 23cm | |
| 丛书名: | ||
| 单 册: | ||
| 中图分类: | TN702 | |
| 科图分类: | ||
| 主题词: | 电子电路--dian zi dian lu--电路设计--计算机辅助设计--高等学校--教材 | |
| 电子资源: | ||
| ISBN: | 7-302-11908-2 | |
| 000 | 00958nam0 2200241 450 | |
| 001 | 012006276411 | |
| 005 | 20060926152125.67 | |
| 010 | @a7-302-11908-2@dCNY33.00 | |
| 100 | @a20060728d2005 km y0chiy0120 ea | |
| 101 | 0 | @achi |
| 102 | @aCN@b110000 | |
| 105 | @aa a 000yy | |
| 200 | 1 | @aEDA技术与实践@AEDA ji shu yu shi jian@f赵明富主编@Fzhao ming fu zhu bian |
| 210 | @a北京@c清华大学出版社@d2005.09 | |
| 215 | @a14, 429页@c图@d23cm | |
| 300 | @a21世纪高职高专规划教材 电气、自动化、应用电子技术系列 | |
| 320 | @a有书目。 | |
| 330 | @a本书以电子电路仿真设计、原理图绘制和印制板设计技术为主线,对电子产品的设计、制作过程做了全面介绍,包括EDA技术概述、EWB基本操作、基本分析方法、高级分析功能、电子电路仿真设计、电路原理图设计、印刷电路板设计等。 | |
| 606 | 0 | @a电子电路@Adian zi dian lu@x电路设计@x计算机辅助设计@x高等学校@j教材 |
| 690 | @aTN702@v4 | |
| 701 | 0 | @a赵明富@Azhao ming fu@4主编 |
| 801 | 0 | @aCN@c20060926 |
| 905 | @a10447@dTN702@eZ311 | |
| EDA技术与实践/赵明富主编.-北京:清华大学出版社,2005.09 |
| 14, 429页:图;23cm |
| 21世纪高职高专规划教材 电气、自动化、应用电子技术系列 |
| ISBN 7-302-11908-2:CNY33.00 |
| 本书以电子电路仿真设计、原理图绘制和印制板设计技术为主线,对电子产品的设计、制作过程做了全面介绍,包括EDA技术概述、EWB基本操作、基本分析方法、高级分析功能、电子电路仿真设计、电路原理图设计、印刷电路板设计等。 |
| ● |
| 相关链接 |
|
|
|
正题名:EDA技术与实践
索取号:TN702/Z311
 
预约/预借
| 序号 | 登录号 | 条形码 | 馆藏地/架位号 | 状态 | 备注 |
| 1 | 598938 | 205989386 | 自科二线404/404自科库 12排1列2层/ [索取号:TN702/Z311] | 在馆 | |
| 2 | 598939 | 205989395 | 自科库301/301自科库 38排1列1层/ [索取号:TN702/Z311] | 在馆 | |
| 3 | 598940 | 205989402 | 自科库301/301自科库 29排3列4层/ [索取号:TN702/Z311] | 在馆 |